00691nam a2200145Ia 450000500170000000800410001702000180005805000170007610000390009324500580013226000330019030000290022350502610025265000320051320231102152025.0120626s2009 sp 000 0 spa d a9788492650026 4aHD62.7bR36 1 aRamírez G., Juan Carlosd, autor10aPYMES más competitivasc / Juan Carlos Ramírez G. aEspañab: Starbookc, 2009 a129 páginasc; 22 cm. 0 aCreer en sueños y volverlos realidad Construir empresas sensibles a los clientes Arriesgarse a ser diferentes Focalizarse Encontrar el equilibrio para crecer Adoptar el triángulo de la felicidad empresarial Desarrollar una gran capacidad de aprendizaje 4aEMPRESASxADMINISTRACIÓN